00813nam a2200229 a 450000100100000000500170001000800410002702000150006804000250008308200150010810000270012324000550015024500920020525000110029726000420030830000360035049000160038650000270040283000230042995201140045299900170056600003644520200930075732.0120118s1992 mx a 000 0 spa d a9688871796 aDO-SdBNPbspacBNPHU axxxxbS2151 aSanders, Norman96266110aGraphic designer´s production handbooklEspañol10aManual de producción del diseñador gráfico. /cNorman Sanders, William Bevington. a3a ed. aMéxico :bEdiciones G. Gili,c1992. a212 p. :bils., retr. ;c21 cm.1 aGG Diseño aTraducido del inglés 0aGG Diseño962662 0010507-18MOaGRbGRcOId2012-01-18iLF1l0oxxxx S215p36446-10r2020-06-25w2020-06-25y1ZNo se presta c35936d35936